000 00598nam a2200217 i 4500
001 38868
003 ES-MaACL
005 20260525062926.0
007 t|
008 030226s1958 sp ||||1| spa d
080 _a821.134.2-7"19"
100 1 _aCamba, Julio,
_d1882-1962
_934020
245 1 0 _aAventuras de una peseta /
_cJulio Camba.
250 _a6ª ed.
260 _a[Madrid] :
_bEspasa-Calpe,
_c[1958]
300 _a149 p. ;
_c18 cm.
490 1 _aColección austral ;
_v295
830 0 _aColección austral
_v295
_9177655
852 _aES-MaACL
_jC-14785
_bR.41827
999 _c38868
_d38868